Catálogo
 En Linea

El periodismo en Santiago del Estero / (Registro nro. 33271)

Detalles MARC
000 -CABECERA
campo de control de longitud fija 00456nam a2200145 a 4500
001 - NÚMERO DE CONTROL
campo de control 000033780
005 - FECHA Y HORA DE LA ÚLTIMA TRANSACCIÓN
campo de control 20200930070519.0
008 - DATOS DE LONGITUD FIJA--INFORMACIÓN GENERAL
campo de control de longitud fija 110909s1914 ag 000 0 spa d
040 ## - FUENTE DE LA CATALOGACIÓN
Centro catalogador/agencia de origen DO-SdBNP
Lengua de catalogación spa
Centro/agencia transcriptor BNPHU
049 ## - FONDOS LOCALES (OCLC)
Fondos de biblioteca BNPD
100 1# - ENTRADA PRINCIPAL--NOMBRE DE PERSONA
Nombre de persona L. Castiglione, José F.
9 (RLIN) 59206
245 13 - MENCIÓN DE TÍTULO
Título El periodismo en Santiago del Estero /
Mención de responsabilidad, etc. José F. L. Castiglione.
260 ## - PUBLICACIÓN, DISTRIBUCIÓN, ETC.
Lugar de publicación, distribución, etc. Santiago del Estero:
-- Editorial Yussem,
Fecha de publicación, distribución, etc. 1914.
300 ## - DESCRIPCIÓN FÍSICA
Extensión 60 p. :
Otras características físicas il., retrs. ;
Dimensiones 22 cm.
Existencias
Estado de retiro Estado de pérdida Restricciones de uso No para préstamo Código de colección Localización permanente Ubicación/localización actual Ubicación en estantería Fecha de adquisición Número de inventario Total de préstamos Signatura topográfica completa Código de barras Fecha visto por última vez Precio válido a partir de Tipo de ítem Koha
      Excluido de préstamo Raros y valiosos Patrimonio Dominicano Patrimonio Dominicano En catalogación 09.09.2011 LF1   33780-10 25.06.2020 25.06.2020 No se presta

Con tecnología Koha